[Event "Lloyds Bank Masters 3rd"]
[Site "London"]
[Date "1979.08.26"]
[Round "5"]
[White "Botterill, George Steven"]
[Black "Petursson, Margeir"]
[Result "1-0"]
[WhiteElo "2390"]
[BlackElo "2420"]
[PlyCount "137"]
[EventDate "1979.08.22"]
[EventType "swiss"]
[EventRounds "9"]
[EventCountry "ENG"]
[SourceTitle "Big Database 2020"]
[Source "ChessBase"]
[SourceDate "1999.07.01"]
[SourceVersion "1"]
[SourceVersionDate "1999.07.01"]
[SourceQuality "1"]

1. d4 d5 2. c4 c6 3. Nf3 Nf6 4. Nc3 e6 5. e3 Nbd7 6. Bd3 dxc4 7. Bxc4 b5 8. Bd3
a6 9. e4 c5 10. d5 c4 11. dxe6 fxe6 12. Bc2 Bb7 13. Bg5 Qc7 14. Qe2 Bc5 15. O-O
O-O 16. Rad1 Ng4 17. h3 Rxf3 18. hxg4 Rh3 19. e5 Rg3 20. Ne4 Rd3 21. Bxd3 cxd3
22. Rxd3 Qxe5 23. Rxd7 Bxe4 24. Re1 Rf8 25. Bh4 Qf4 26. Qxe4 Bxf2+ 27. Kh1 Bxh4
28. Qxf4 Rxf4 29. Rxe6 h6 30. Kh2 Rf2 31. Rxa6 Rxb2 32. Rd3 Bf6 33. Kg3 Be5+
34. Kf3 Rb4 35. g3 Rc4 36. Ra5 Bf6 37. Rxb5 Ra4 38. Rd2 Kh7 39. Re2 Kg6 40. Rb3
Ra7 41. a3 Rf7 42. a4 Bd8+ 43. Kg2 Ra7 44. Ra2 Ba5 45. Rb5 Ra6 46. Kf3 Kf6 47.
Ke4 Ke6 48. Kd4 Kd6 49. Rd5+ Ke6 50. Re2+ Kf6 51. Rf5+ Kg6 52. Ra2 Ra7 53. Kc4
Ra6 54. Kb5 Ra8 55. Kc6 Ra7 56. Rxa5 Rxa5 57. Kb6 Re5 58. a5 Kg5 59. Ra4 Re8
60. a6 Rg8 61. a7 Rf8 62. Kb7 Rf7+ 63. Kc6 Rf8 64. Rb4 Rf6+ 65. Kb7 Rf7+ 66.
Ka6 Rf6+ 67. Rb6 Rf8 68. Rb8 Rf6+ 69. Kb5 1-0

[Event "Lloyds Bank Masters 3rd"]
[Site "London"]
[Date "1979.08.26"]
[Round "5"]
[White "Chandler, Murray G"]
[Black "Jansson, Borje"]
[Result "1/2-1/2"]
[WhiteElo "2380"]
[BlackElo "2410"]
[PlyCount "98"]
[EventDate "1979.08.22"]
[EventType "swiss"]
[EventRounds "9"]
[EventCountry "ENG"]
[SourceTitle "Big Database 2020"]
[Source "ChessBase"]
[SourceDate "1999.07.01"]
[SourceVersion "1"]
[SourceVersionDate "1999.07.01"]
[SourceQuality "1"]

1. e4 Nf6 2. e5 Nd5 3. d4 d6 4. Nf3 Bg4 5. Be2 c6 6. c4 Nb6 7. exd6 exd6 8. O-O
Be7 9. b3 O-O 10. Nc3 Re8 11. Bf4 a5 12. h3 Bf5 13. d5 c5 14. Bd3 Qd7 15. Nb5
Bxd3 16. Qxd3 Na6 17. a4 Nc7 18. Nxc7 Qxc7 19. Rae1 Nd7 20. Re3 Bf8 21. Rfe1
Rxe3 22. Rxe3 h6 23. Qf5 g6 24. Qg4 Nf6 25. Qh4 Nh5 26. Bh2 Qd8 27. Qxd8 Rxd8
28. Nd2 Ng7 29. g4 f6 30. Ne4 Kf7 31. Nc3 Re8 32. Rxe8 Nxe8 33. Nb5 Ke7 34. Kg2
Kd7 35. Kf3 Nc7 36. Nxc7 Kxc7 37. h4 Kd7 38. h5 g5 39. Ke4 Ke8 40. Kf5 Kf7 41.
f3 b6 42. Bg1 Be7 43. Be3 Bd8 44. Bd2 Be7 45. f4 Bd8 46. Bc3 Be7 47. fxg5 fxg5
48. Ba1 Bd8 49. Bh8 Be7 1/2-1/2

[Event "Lloyds Bank Masters 3rd"]
[Site "London"]
[Date "1979.08.26"]
[Round "5"]
[White "Friedgood, David"]
[Black "Crouch, Colin S"]
[Result "0-1"]
[WhiteElo "2310"]
[BlackElo "2300"]
[PlyCount "112"]
[EventDate "1979.08.22"]
[EventType "swiss"]
[EventRounds "9"]
[EventCountry "ENG"]
[SourceTitle "Big Database 2020"]
[Source "ChessBase"]
[SourceDate "1999.07.01"]
[SourceVersion "1"]
[SourceVersionDate "1999.07.01"]
[SourceQuality "1"]

1. c4 e6 2. g3 d5 3. Bg2 Nf6 4. Nf3 Be7 5. O-O O-O 6. d4 dxc4 7. Qc2 c5 8. dxc5
Na6 9. Qxc4 Nxc5 10. Nc3 Nd5 11. Nxd5 exd5 12. Qc2 Be6 13. Be3 Rc8 14. Nd4 Bf6
15. Rfd1 Nd7 16. Qa4 a6 17. Rac1 Nb6 18. Nxe6 fxe6 19. Qg4 Re8 20. Rxc8 Nxc8
21. Qb4 b5 22. Bc5 Ne7 23. e4 Qc7 24. exd5 Nxd5 25. Bxd5 exd5 26. Bd4 Qc2 27.
Qd2 Re2 28. Qxc2 Rxc2 29. Bxf6 gxf6 30. b4 Rc4 31. a3 d4 32. Kg2 Kf7 33. Kf3
Ke6 34. Re1+ Kd5 35. Re7 Rc3+ 36. Ke2 Rxa3 37. Rxh7 Kc4 38. h4 Ra2+ 39. Kf3 d3
40. h5 Re2 41. h6 Re8 42. Rd7 Kc3 43. Kg4 d2 44. Kf5 Kc2 45. Rc7+ Kd3 46. Rd7+
Ke2 47. Kxf6 d1=Q 48. Rxd1 Kxd1 49. Kf7 Ra8 50. g4 a5 51. g5 axb4 52. g6 b3 53.
g7 b2 54. h7 b1=Q 55. h8=Q Qf5+ 56. Ke7 Qe5+ 0-1

[Event "Lloyds Bank Masters 3rd"]
[Site "London"]
[Date "1979.08.26"]
[Round "5"]
[White "Goodman, David SC"]
[Black "Ravikumar, Vaidyanathan"]
[Result "1/2-1/2"]
[WhiteElo "2340"]
[BlackElo "2305"]
[PlyCount "106"]
[EventDate "1979.08.22"]
[EventType "swiss"]
[EventRounds "9"]
[EventCountry "ENG"]
[SourceTitle "Big Database 2020"]
[Source "ChessBase"]
[SourceDate "1999.07.01"]
[SourceVersion "1"]
[SourceVersionDate "1999.07.01"]
[SourceQuality "1"]

1. d4 d5 2. c4 dxc4 3. Nf3 a6 4. e3 Nf6 5. Bxc4 e6 6. a4 Bd6 7. O-O O-O 8. Nbd2
Nc6 9. Be2 b6 10. Nc4 Be7 11. b3 Bb7 12. Bb2 h6 13. Rc1 Nb4 14. Nfe5 Ra7 15.
Bf3 Qa8 16. Ba3 Rc8 17. Qe2 Bf8 18. Bxb4 Bxb4 19. Rc2 Nd5 20. Rfc1 a5 21. Bxd5
exd5 22. Nb2 Ba6 23. Qg4 c5 24. dxc5 Rxc5 25. Nbd3 Rxc2 26. Rxc2 Bd6 27. Qf5
Qe8 28. Rc6 Bxd3 29. Qc8 Ra8 30. Qxe8+ Rxe8 31. Nxd3 Re6 32. Kf1 Ba3 33. Rc8+
Kh7 34. Nf4 Rd6 35. Ke2 g6 36. Kd3 Kg7 37. Ne2 Bc5 38. Nd4 Kf6 39. Nb5 Rd7 40.
Re8 Be7 41. Rc8 Bc5 42. Rc6+ Ke7 43. Rc8 Kf6 44. Nc7 h5 45. h3 Ke5 46. Re8+ Kf6
47. Nb5 Be7 48. Rc8 Bc5 49. Nd4 Ke7 50. f4 Kf6 51. Nc6 Bd6 52. Nd4 Bc5 53. Nf3
Re7 1/2-1/2

[Event "Lloyds Bank Masters 3rd"]
[Site "London"]
[Date "1979.08.26"]
[Round "5"]
[White "Littlewood, Paul E"]
[Black "Ginsburg, Mark"]
[Result "1-0"]
[WhiteElo "2405"]
[BlackElo "2340"]
[PlyCount "83"]
[EventDate "1979.08.22"]
[EventType "swiss"]
[EventRounds "9"]
[EventCountry "ENG"]
[SourceTitle "Big Database 2020"]
[Source "ChessBase"]
[SourceDate "1999.07.01"]
[SourceVersion "1"]
[SourceVersionDate "1999.07.01"]
[SourceQuality "1"]

1. d4 Nf6 2. c4 g6 3. Nc3 Bg7 4. e4 d6 5. Nf3 O-O 6. Be2 c5 7. d5 b5 8. cxb5 a6
9. b6 Nbd7 10. O-O Rb8 11. Bf4 Rxb6 12. Rb1 Rb4 13. a3 Rb8 14. Qd2 Re8 15. Bh6
Bh8 16. Ng5 Nb6 17. h3 e6 18. dxe6 Bxe6 19. Rfd1 Bb3 20. Re1 Nc4 21. Qc1 Ne5
22. f4 Nc6 23. Bxa6 c4 24. Kh1 Qa5 25. Bxc4 Bxc4 26. b4 Qa8 27. b5 Nd4 28. Rb4
Rbc8 29. b6 Qb7 30. Qd1 Nh5 31. Qa4 Bb3 32. Qa7 Qxa7 33. bxa7 Nc2 34. Rxb3 Nxe1
35. Nd5 Bg7 36. Bxg7 Kxg7 37. Rb7 Ng3+ 38. Kh2 Nxe4 39. Rxf7+ Kg8 40. Ne7+ Rxe7
41. Rxe7 Nc5 42. Rxe1 1-0

[Event "Lloyds Bank Masters 3rd"]
[Site "London"]
[Date "1979.08.26"]
[Round "5"]
[White "Odendahl, Steven M"]
[Black "Fuller, Maxwell L"]
[Result "1/2-1/2"]
[WhiteElo "2370"]
[BlackElo "2380"]
[PlyCount "121"]
[EventDate "1979.08.22"]
[EventType "swiss"]
[EventRounds "9"]
[EventCountry "ENG"]
[SourceTitle "Big Database 2020"]
[Source "ChessBase"]
[SourceDate "1999.07.01"]
[SourceVersion "1"]
[SourceVersionDate "1999.07.01"]
[SourceQuality "1"]

1. d4 Nf6 2. c4 e6 3. g3 d5 4. Bg2 Be7 5. Nf3 O-O 6. O-O b6 7. Qc2 Bb7 8. Rd1
dxc4 9. Qxc4 Bd5 10. Qc2 Be4 11. Qd2 c5 12. Nc3 Bb7 13. dxc5 Qxd2 14. Nxd2 Bxg2
15. Kxg2 Bxc5 16. Nde4 Nbd7 17. Bg5 Rfd8 18. Bxf6 Nxf6 19. Nxc5 bxc5 20. Na4 c4
21. Rxd8+ Rxd8 22. Rc1 Rd4 23. e3 Rd2 24. Rxc4 g5 25. Kf1 Rd1+ 26. Ke2 Rh1 27.
h4 gxh4 28. Rxh4 Rxh4 29. gxh4 Kg7 30. Nc3 Kg6 31. b4 Kh5 32. a4 a6 33. a5 Nd7
34. Ne4 Kxh4 35. Nd6 f5 36. b5 Nb8 37. b6 Kg4 38. Nc4 h5 39. Ne5+ Kg5 40. f4+
Kf6 41. Kf3 Ke7 42. Kg3 Kd6 43. Kh4 Kc5 44. Kxh5 Kb4 45. Kg6 Kxa5 46. b7 Kb5
47. Kf6 a5 48. Kxe6 a4 49. Nd3 a3 50. Nc1 Kc4 51. Kxf5 Kc3 52. e4 Kb2 53. Nd3+
Kc3 54. Nc1 Kb2 55. e5 Kxc1 56. e6 a2 57. e7 a1=Q 58. e8=Q Qb1+ 59. Qe4 Qb5+
60. Kg6 Nc6 61. f5 1/2-1/2

[Event "Lloyds Bank Masters 3rd"]
[Site "London"]
[Date "1979.08.26"]
[Round "5"]
[White "Pigott, John C"]
[Black "Britton, Richard"]
[Result "0-1"]
[WhiteElo "2370"]
[BlackElo "2300"]
[PlyCount "70"]
[EventDate "1979.08.22"]
[EventType "swiss"]
[EventRounds "9"]
[EventCountry "ENG"]
[SourceTitle "Big Database 2020"]
[Source "ChessBase"]
[SourceDate "1999.07.01"]
[SourceVersion "1"]
[SourceVersionDate "1999.07.01"]
[SourceQuality "1"]

1. g3 Nf6 2. Bg2 e6 3. c4 c5 4. Nf3 Nc6 5. O-O b6 6. d4 cxd4 7. Nxd4 Bb7 8. Nb5
d6 9. Bf4 e5 10. Bg5 a6 11. Bxf6 gxf6 12. N5c3 f5 13. Nd5 Bg7 14. Nbc3 O-O 15.
Ne3 Qf6 16. Ncd5 Qg6 17. Qa4 e4 18. Nxb6 Rad8 19. Nbd5 Be5 20. Rad1 Kh8 21. Kh1
Nd4 22. Rd2 Rfe8 23. Qd1 Ne6 24. Qb1 h5 25. Rg1 h4 26. f4 Bd4 27. Nxf5 Qxf5 28.
Bxe4 Qg4 29. Bf3 Qg7 30. Rgd1 hxg3 31. e4 Bf2 32. Qd3 Qh6 33. Rxf2 gxf2 34.
Qc3+ Qg7 35. Nf6 Nxf4 0-1

[Event "Lloyds Bank Masters 3rd"]
[Site "London"]
[Date "1979.08.26"]
[Round "5"]
[White "Povah, Nigel Edward"]
[Black "Sharif, Mershad"]
[Result "0-1"]
[WhiteElo "2325"]
[BlackElo "2445"]
[PlyCount "96"]
[EventDate "1979.08.22"]
[EventType "swiss"]
[EventRounds "9"]
[EventCountry "ENG"]
[SourceTitle "Big Database 2020"]
[Source "ChessBase"]
[SourceDate "1999.07.01"]
[SourceVersion "1"]
[SourceVersionDate "1999.07.01"]
[SourceQuality "1"]

1. e4 e5 2. Nf3 Nc6 3. Bb5 a6 4. Ba4 Nf6 5. d4 exd4 6. O-O Be7 7. Re1 O-O 8. e5
Ne8 9. Bf4 f6 10. Bxc6 dxc6 11. Qxd4 Qxd4 12. Nxd4 Bc5 13. c3 fxe5 14. Bxe5 Nd6
15. Nd2 Bd7 16. N4f3 a5 17. Nb3 Bb6 18. Bd4 a4 19. Nc5 Bxc5 20. Bxc5 Rfe8 21.
Red1 Bg4 22. Bxd6 cxd6 23. Rxd6 Bxf3 24. gxf3 Re2 25. Rd7 Rf8 26. Rxb7 Rxf3 27.
Rf1 Rd3 28. b3 a3 29. Ra7 Rxa2 30. Kg2 Rd6 31. b4 h6 32. h4 Rdd2 33. h5 Rdc2
34. Rc7 Rab2 35. Rc8+ Kh7 36. Rf8 a2 37. Rd1 Re2 38. Kg3 Re5 39. Ra1 Rxh5 40.
f3 Rhh2 41. Ra8 Rhc2 42. Ra4 g5 43. Ra6 Rxc3 44. R1xa2 Rxb4 45. Rd2 Rf4 46.
Rd7+ Kg6 47. Rd6+ Rf6 48. Rxf6+ Kxf6 0-1

[Event "Lloyds Bank Masters 3rd"]
[Site "London"]
[Date "1979.08.26"]
[Round "5"]
[White "Sowray, Peter John"]
[Black "Josteinsson, Leifur"]
[Result "1-0"]
[WhiteElo "2210"]
[BlackElo "2325"]
[PlyCount "65"]
[EventDate "1979.08.22"]
[EventType "swiss"]
[EventRounds "9"]
[EventCountry "ENG"]
[SourceTitle "Big Database 2020"]
[Source "ChessBase"]
[SourceDate "1999.07.01"]
[SourceVersion "1"]
[SourceVersionDate "1999.07.01"]
[SourceQuality "1"]

1. e4 c5 2. c3 d6 3. d4 cxd4 4. cxd4 g6 5. Nc3 Bg7 6. Be3 Nf6 7. Be2 O-O 8. h3
Nbd7 9. Nf3 a6 10. a4 b6 11. O-O Bb7 12. Nd2 Rc8 13. f4 Rc7 14. e5 Nd5 15. Nxd5
Bxd5 16. Nf3 Qa8 17. Bd3 Be4 18. Qb1 Bxd3 19. Qxd3 Rfc8 20. Rf2 Rc4 21. Raf1
Qd5 22. Qb3 Qa5 23. Ng5 Qxa4 24. Qd3 Rc2 25. f5 Rxf2 26. Rxf2 Qc4 27. Qe4 dxe5
28. b3 Qxb3 29. fxg6 fxg6 30. Qb7 Rf8 31. Qxd7 Rxf2 32. Bxf2 Bf6 33. Qc8+ 1-0

[Event "Lloyds Bank Masters 3rd"]
[Site "London"]
[Date "1979.08.26"]
[Round "5"]
[White "Van der Weide, Piet"]
[Black "Haik, Aldo"]
[Result "1/2-1/2"]
[WhiteElo "2290"]
[BlackElo "2435"]
[PlyCount "80"]
[EventDate "1979.08.22"]
[EventType "swiss"]
[EventRounds "9"]
[EventCountry "ENG"]
[SourceTitle "Big Database 2020"]
[Source "ChessBase"]
[SourceDate "1999.07.01"]
[SourceVersion "1"]
[SourceVersionDate "1999.07.01"]
[SourceQuality "1"]

1. e4 e5 2. Nc3 Bc5 3. Nf3 d6 4. d4 exd4 5. Nxd4 Nf6 6. Bg5 h6 7. Bh4 g5 8. Bg3
Qe7 9. Qd3 Nc6 10. Nxc6 bxc6 11. O-O-O Ng4 12. Qd2 Rb8 13. Bc4 Rb4 14. Bb3 Rd4
15. Qe2 Ne5 16. h4 Qf6 17. Rxd4 Bxd4 18. Qd2 Bb6 19. Na4 Rg8 20. Nxb6 axb6 21.
hxg5 hxg5 22. Qc3 c5 23. a4 Rh8 24. Rxh8+ Qxh8 25. Bxe5 Qxe5 26. Qxe5+ dxe5 27.
Bc4 Bb7 28. f3 Bc6 29. b3 g4 30. Kd2 Ke7 31. Ke3 gxf3 32. gxf3 f6 33. Bb5 Bb7
34. c3 Kd6 35. Kd3 Bc8 36. Bc4 Bd7 37. Bg8 f5 38. exf5 Bxf5+ 39. Ke3 Bd7 40. f4
exf4+ 1/2-1/2

[Event "Lloyds Bank Masters 3rd"]
[Site "London"]
[Date "1979.08.26"]
[Round "5"]
[White "Watson, William N"]
[Black "Hillyard, Graham D"]
[Result "0-1"]
[WhiteElo "2265"]
[BlackElo "2325"]
[PlyCount "58"]
[EventDate "1979.08.22"]
[EventType "swiss"]
[EventRounds "9"]
[EventCountry "ENG"]
[SourceTitle "Big Database 2020"]
[Source "ChessBase"]
[SourceDate "1999.07.01"]
[SourceVersion "1"]
[SourceVersionDate "1999.07.01"]
[SourceQuality "1"]

1. e4 c6 2. d4 d5 3. Nd2 dxe4 4. Nxe4 Nf6 5. Nxf6+ gxf6 6. Bc4 Bf5 7. Bf4 Nd7
8. Nf3 Nb6 9. Bb3 Nd5 10. Bg3 Qa5+ 11. c3 Qa6 12. c4 Nb6 13. O-O O-O-O 14. Qc1
e6 15. c5 Nd5 16. Bc4 Qa5 17. a3 h5 18. b4 Qa4 19. Bxd5 Bh6 20. Bxc6 Qxc6 21.
Qb2 Be4 22. b5 Qd5 23. b6 a6 24. c6 Bxf3 25. gxf3 h4 26. Bxh4 Bf4 27. Bg3 Rxh2
28. cxb7+ Kxb7 29. Qc3 Qh5 0-1

[Event "Lloyds Bank Masters 3rd"]
[Site "London"]
[Date "1979.08.26"]
[Round "5"]
[White "Westerinen, Heikki MJ"]
[Black "Pein, Malcolm"]
[Result "1-0"]
[WhiteElo "2465"]
[BlackElo "2205"]
[PlyCount "95"]
[EventDate "1979.08.22"]
[EventType "swiss"]
[EventRounds "9"]
[EventCountry "ENG"]
[SourceTitle "Big Database 2020"]
[Source "ChessBase"]
[SourceDate "1999.07.01"]
[SourceVersion "1"]
[SourceVersionDate "1999.07.01"]
[SourceQuality "1"]

1. e4 d6 2. d4 Nf6 3. Nc3 g6 4. f4 Bg7 5. Nf3 c5 6. dxc5 Qa5 7. Bd3 Qxc5 8. Qe2
O-O 9. Be3 Qa5 10. O-O Bg4 11. Rad1 Nc6 12. Kh1 Qb4 13. Rb1 Nd7 14. Nd5 Qa5 15.
b4 Qd8 16. Qd2 e6 17. Nc3 Bxf3 18. Rxf3 Nb6 19. Ne2 d5 20. e5 Nc4 21. Qe1 Nxe3
22. Rxe3 a5 23. a3 axb4 24. axb4 Qb6 25. Rh3 Ra4 26. c3 Ra3 27. Qh4 h6 28. b5
Na5 29. Qe7 Rb3 30. Ra1 Nc4 31. Bxc4 dxc4 32. Nd4 Rb2 33. Qa3 Rf2 34. Qc1 f6
35. Qe3 fxe5 36. Qxf2 exd4 37. Rc1 Qd6 38. cxd4 Rxf4 39. Qe2 Rxd4 40. Re3 e5
41. Rec3 Kh7 42. Rxc4 Rd2 43. Qf3 Rd3 44. Qf1 Qd5 45. Rc5 Qd4 46. Rc7 Qd5 47.
Rxb7 e4 48. Rcc7 1-0

[Event "Lloyds Bank Masters 3rd"]
[Site "London"]
[Date "1979.08.27"]
[Round "6"]
[White "Basman, Michael J"]
[Black "Goodman, David SC"]
[Result "1-0"]
[WhiteElo "2405"]
[BlackElo "2340"]
[PlyCount "133"]
[EventDate "1979.08.22"]
[EventType "swiss"]
[EventRounds "9"]
[EventCountry "ENG"]
[SourceTitle "Big Database 2020"]
[Source "ChessBase"]
[SourceDate "1999.07.01"]
[SourceVersion "1"]
[SourceVersionDate "1999.07.01"]
[SourceQuality "1"]

1. g4 d5 2. h3 e5 3. d3 c5 4. Bg2 Nc6 5. c4 d4 6. Nf3 h5 7. g5 Nge7 8. Nbd2 Ng6
9. Ne4 Be6 10. h4 Qd7 11. a3 a5 12. Bd2 b6 13. Rb1 Rb8 14. Qa4 Be7 15. Ng1 Na7
16. Qc2 Nc6 17. Ng3 Nf4 18. Be4 Bg4 19. Nf3 Bd6 20. Qa4 Ne7 21. Qxd7+ Kxd7 22.
Nh2 Be6 23. b4 axb4 24. axb4 f5 25. gxf6 gxf6 26. Bf3 cxb4 27. Ne4 Neg6 28. Nf1
Be7 29. Bxb4 Bg4 30. Nfd2 Bh3 31. Bxe7 Kxe7 32. e3 Bg2 33. exf4 Bxh1 34. Bxh1
Nxf4 35. Ng3 Nxd3+ 36. Kf1 Nf4 37. Be4 Rhd8 38. Ne2 Ne6 39. Bg6 Rh8 40. Ra1 Ra8
41. Rb1 Rab8 42. Bf5 Ng7 43. Be4 Ne6 44. Bd5 f5 45. f4 d3 46. Ng3 Nxf4 47.
Nxf5+ Kf6 48. Ne3 Rhf8 49. Ne4+ Kg7 50. Ke1 Nxd5 51. cxd5 Rf4 52. Nc5 Kh7 53.
Ne6 Rxh4 54. Kd2 e4 55. d6 Rc8 56. Nf5 Rh2+ 57. Ke3 Re2+ 58. Kf4 d2 59. d7 Ra8
60. Rg1 Re1 61. Rg7+ Kh8 62. Ne7 Rf1+ 63. Ke5 Ra5+ 64. Kxe4 Re1+ 65. Kf4 Rf1+
66. Ke3 Ra3+ 67. Kxd2 1-0

[Event "Lloyds Bank Masters 3rd"]
[Site "London"]
[Date "1979.08.27"]
[Round "6"]
[White "Bennett, Terry B"]
[Black "Watson, John L"]
[Result "0-1"]
[WhiteElo "2290"]
[BlackElo "2375"]
[PlyCount "60"]
[EventDate "1979.08.22"]
[EventType "swiss"]
[EventRounds "9"]
[EventCountry "ENG"]
[SourceTitle "Big Database 2020"]
[Source "ChessBase"]
[SourceDate "1999.07.01"]
[SourceVersion "1"]
[SourceVersionDate "1999.07.01"]
[SourceQuality "1"]

1. f4 c5 2. Nf3 g6 3. e3 Bg7 4. Be2 Nc6 5. d3 e6 6. O-O Nge7 7. c3 b6 8. e4 d6
9. Nbd2 O-O 10. a4 Ba6 11. Qe1 Qd7 12. Qh4 f5 13. Ng5 h6 14. Nh3 fxe4 15. Nxe4
Nf5 16. Qe1 d5 17. Ng3 Rae8 18. Nxf5 exf5 19. Qd1 Re7 20. Bf3 Rfe8 21. Nf2 Na5
22. Bd2 c4 23. d4 Nb3 24. Rb1 Bb7 25. Qc2 Bc6 26. Rbe1 Bxa4 27. Rxe7 Rxe7 28.
Re1 Rxe1+ 29. Bxe1 Nxd4 30. Bxd5+ Kh7 0-1

[Event "Lloyds Bank Masters 3rd"]
[Site "London"]
[Date "1979.08.27"]
[Round "6"]
[White "Britton, Richard"]
[Black "Donaldson, John W"]
[Result "1-0"]
[WhiteElo "2300"]
[BlackElo "2310"]
[PlyCount "47"]
[EventDate "1979.08.22"]
[EventType "swiss"]
[EventRounds "9"]
[EventCountry "ENG"]
[SourceTitle "Big Database 2020"]
[Source "ChessBase"]
[SourceDate "1999.07.01"]
[SourceVersion "1"]
[SourceVersionDate "1999.07.01"]
[SourceQuality "1"]

1. e4 e6 2. d4 d5 3. Nc3 Bb4 4. e5 Ne7 5. a3 Bxc3+ 6. bxc3 c5 7. Nf3 Bd7 8.
dxc5 Ba4 9. Rb1 Qc7 10. Rb4 Bc6 11. Rg4 Nd7 12. Rxg7 Ng6 13. Bd3 Ndxe5 14. O-O
O-O-O 15. Nxe5 Qxe5 16. Rxf7 Qxc3 17. Qg4 Rde8 18. Bxg6 hxg6 19. Bf4 Bd7 20.
Bd6 Qxc2 21. Qf3 Rd8 22. Bg3 Rh5 23. Qe3 Qe4 24. c6 1-0

[Event "Lloyds Bank Masters 3rd"]
[Site "London"]
[Date "1979.08.27"]
[Round "6"]
[White "Crouch, Colin S"]
[Black "Jansson, Borje"]
[Result "1/2-1/2"]
[WhiteElo "2300"]
[BlackElo "2410"]
[PlyCount "83"]
[EventDate "1979.08.22"]
[EventType "swiss"]
[EventRounds "9"]
[EventCountry "ENG"]
[SourceTitle "Big Database 2020"]
[Source "ChessBase"]
[SourceDate "1999.07.01"]
[SourceVersion "1"]
[SourceVersionDate "1999.07.01"]
[SourceQuality "1"]

1. g3 e5 2. Bg2 d5 3. d3 g6 4. c4 dxc4 5. Qa4+ Bd7 6. Qxc4 Bc6 7. Nf3 Bg7 8.
O-O Ne7 9. Nc3 O-O 10. b4 a6 11. Bb2 Nd7 12. a4 Nb6 13. Qb3 Nf5 14. e4 Nd4 15.
Nxd4 exd4 16. Ne2 Qd7 17. a5 Na4 18. f4 Nc3 19. Rf2 Rad8 20. f5 gxf5 21. Bh3
Qe6 22. Qc2 Nxe4 23. Bxf5 Qe7 24. dxe4 d3 25. Qd2 dxe2 26. Qxe2 Bxb2 27. Qxb2
f6 28. Rf4 Rf7 29. Raf1 Bb5 30. R1f2 Kh8 31. Bg4 Bc6 32. e5 Rd3 33. Bh5 Qd8 34.
Bf3 Bxf3 35. R4xf3 Rxf3 36. Rxf3 Kg7 37. g4 h6 38. h4 fxe5 39. Qxe5+ Kg8 40.
Rxf7 Kxf7 41. Qh5+ Kg7 42. Qe5+ 1/2-1/2

[Event "Lloyds Bank Masters 3rd"]
[Site "London"]
[Date "1979.08.27"]
[Round "6"]
[White "Cuartas, Carlos Enrique"]
[Black "Van der Weide, Piet"]
[Result "0-1"]
[WhiteElo "2425"]
[BlackElo "2290"]
[PlyCount "110"]
[EventDate "1979.08.22"]
[EventType "swiss"]
[EventRounds "9"]
[EventCountry "ENG"]
[SourceTitle "Big Database 2020"]
[Source "ChessBase"]
[SourceDate "1999.07.01"]
[SourceVersion "1"]
[SourceVersionDate "1999.07.01"]
[SourceQuality "1"]

1. e4 e5 2. Nf3 d6 3. d4 exd4 4. Nxd4 g6 5. Bc4 Bg7 6. O-O Nf6 7. Nc3 O-O 8.
Bg5 c6 9. Bb3 Re8 10. Qd2 Na6 11. Rad1 Nc5 12. f3 a5 13. Nde2 a4 14. Bc4 b5 15.
Qxd6 Qxd6 16. Rxd6 Nfd7 17. Bd3 b4 18. Nd1 Ne5 19. f4 Nexd3 20. cxd3 Bf8 21.
Rxc6 Nxd3 22. e5 Be6 23. Ng3 Rec8 24. Rxc8 Rxc8 25. Ne4 Bxa2 26. Rf3 Bb1 27.
Nf6+ Kh8 28. Rh3 h5 29. g4 Rc1 30. Kf1 Rxd1+ 31. Ke2 Re1+ 32. Kd2 b3 33. Nd5
Nf2 34. Rc3 Ne4+ 35. Kxe1 Nxc3 36. Nxc3 Bb4 37. Bf6+ Kg8 38. e6 fxe6 39. gxh5
Bf5 40. hxg6 a3 41. bxa3 Ba5 42. Ke2 b2 43. Nb1 Bxb1 44. Bxb2 Bxg6 45. Bc1 Be8
46. Kd3 Kf7 47. Bb2 Kg6 48. Ke4 Bc7 49. Be5 Bd8 50. Bd6 Bf6 51. Kf3 Kf5 52. Bb4
Bd4 53. h3 Bb2 54. Kg3 Bc1 55. Bd6 Bd2 0-1

[Event "Lloyds Bank Masters 3rd"]
[Site "London"]
[Date "1979.08.27"]
[Round "6"]
[White "Fuller, Maxwell L"]
[Black "Plaskett, H James"]
[Result "1-0"]
[WhiteElo "2380"]
[BlackElo "2410"]
[PlyCount "62"]
[EventDate "1979.08.22"]
[EventType "swiss"]
[EventRounds "9"]
[EventCountry "ENG"]
[SourceTitle "Big Database 2020"]
[Source "ChessBase"]
[SourceDate "1999.07.01"]
[SourceVersion "1"]
[SourceVersionDate "1999.07.01"]
[SourceQuality "1"]

1. e4 c5 2. Nf3 d6 3. Nc3 Nc6 4. d4 cxd4 5. Nxd4 Nf6 6. Bg5 e6 7. Be2 Be7 8.
O-O a6 9. Qd2 Qb6 10. Nb3 O-O 11. a4 Rd8 12. a5 Qc7 13. Be3 Nd7 14. Na4 Nc5 15.
Naxc5 dxc5 16. Qc3 Bf6 17. Qxc5 Bxb2 18. Rab1 Be5 19. f4 Bd6 20. Qc4 Ne7 21.
Bb6 Qxc4 22. Bxc4 Rd7 23. Rbd1 e5 24. fxe5 Bxe5 25. Rxd7 Bxd7 26. Rxf7 Rc8 27.
Rxe7+ Rxc4 28. Rxe5 Rxc2 29. Re7 Bc6 30. Nd4 Rc1+ 31. Kf2 Kf8 1-0

[Event "Lloyds Bank Masters 3rd"]
[Site "London"]
[Date "1979.08.27"]
[Round "6"]
[White "Iskov, Gert"]
[Black "Povah, Nigel Edward"]
[Result "1-0"]
[WhiteElo "2370"]
[BlackElo "2325"]
[PlyCount "69"]
[EventDate "1979.08.22"]
[EventType "swiss"]
[EventRounds "9"]
[EventCountry "ENG"]
[SourceTitle "Big Database 2020"]
[Source "ChessBase"]
[SourceDate "1999.07.01"]
[SourceVersion "1"]
[SourceVersionDate "1999.07.01"]
[SourceQuality "1"]

1. e4 c5 2. Nf3 e6 3. Nc3 Nc6 4. d4 cxd4 5. Nxd4 Nf6 6. Ndb5 d6 7. Bf4 e5 8.
Bg5 a6 9. Na3 b5 10. Bxf6 gxf6 11. Nd5 f5 12. Bd3 Be6 13. Qh5 Bg7 14. O-O f4
15. Kh1 Ne7 16. Nxe7 Qxe7 17. Nb1 O-O 18. Nd2 Kh8 19. g4 Bf6 20. Rg1 Rg8 21.
Nf3 Bg5 22. h4 Bf6 23. g5 Bg7 24. Nh2 Bd7 25. Qf3 Bc6 26. Qh3 d5 27. f3 dxe4
28. Bxe4 Bxe4 29. fxe4 Qb4 30. Qf5 Qxb2 31. h5 Rac8 32. h6 Rxc2 33. hxg7+ Rxg7
34. Nf3 Rf2 35. Rad1 1-0